Cyclisme : coureurs des années 1980 (par image) - Statistiques

Statistiques générales
  • Ce quiz a été pris 50 fois
  • Le résultat moyen est 8 sur 20
Statistiques - réponses
Par images Réponse % Correct
Bernard Hinault
98%
Greg LeMond
91%
Laurent Fignon
91%
Pedro Delgado
62%
Joop Zoetemelk
60%
Stephen Roche
58%
Luis Herrera
51%
Sean Kelly
51%
Charly Mottet
47%
Marc Madiot
47%
Claude Criquielion
36%
Jan Raas
27%
Giuseppe Saronni
24%
Adrie van der Poel
18%
Hennie Kuiper
16%
Moreno Argentin
16%
Andrew Hampsten
9%
Roberto Visentini
7%
Eric Vanderaerden
4%
Rolf Gölz
0%
Aucun quiz correspondant
Distribution des résultats
% des personnes avec chaque résultat
Percentile par nombre de réponses
Votre historique - résultats
Vous n’avez pas pris ce quiz